Songs by Musicians - 80s and 90s - Statistics

General Stats
  • This quiz has been taken 404 times
  • The average score is 5 of 12
Answer Stats
Hint Answer % Correct
Black Hole Sun Soundgarden
85%
Seek and Destroy Metallica
61%
Mr. Jones Counting Crows
59%
Longview Green Day
48%
Rockin in the Free World Neil Young
46%
Angry Chair Alice in Chains
36%
Corduroy Pearl Jam
36%
Floyd the Barber Nirvana
29%
Violet Hole
27%
Hummer Smashing Pumpkins
12%
Mechanix Megadeth
11%
Crown of Thorns Mother Love Bone
10%
No matching quizzes found
Score Distribution
Percent of People with Each Score
Percentile by Number Answered
Your Score History
You have not taken this quiz